Films d'animation français en images #4 - Statistiques

Statistiques générales
  • Ce quiz a été pris 123 fois
    97 depuis la dernière actualisation
  • Le résultat moyen est 6 sur 16
Statistiques - réponses
Par images Réponse % Correct
Titeuf, le film
100%
Kirikou et les Hommes et les Femmes
99%
Oggy et les Cafards, le film
95%
Azur et Asmar
58%
Minuscule 2 : Les Mandibules du bout du monde
58%
Le Chat du rabbin
29%
Amélie et la Métaphysique des tubes
28%
Le Grand Méchant Renard et autres contes...
27%
Petit Potam, le film
22%
La Plus Précieuse des marchandises
20%
L'Illusioniste
20%
Avril et le Monde truqué
14%
Le Manoir magique
9%
Phantom Boy
8%
La Traversée
4%
Cendrillon au Far West
1%
Aucun quiz correspondant
Distribution des résultats
% des personnes avec chaque résultat
Percentile par nombre de réponses
Votre historique - résultats
Vous n’avez pas pris ce quiz depuis la dernière actualisation